000 00780nam a2200229Ia 4500
001 1347
003 GE_BSU
008 181216s||||||||xx |||||||||||||| ||und||
020 _a9789941409806
040 _cGE_BSU
080 _a621.01(075.8)
100 _aჩხაიძე,ვლ;აბუსელიძე,ფ;ბექირიშვილი,მ;
245 _aგამოყენებითი მექანიკა.
245 _bსახელმძღვანელო.
260 _aბათუმი
260 _bშოთარუსთაველის სახ უნ–ტი
260 _c2009
300 _a298 გვ. 20 სმ.
541 _h12 ლ.
653 _aგამოყენებითი მექანიკა
942 _cBK
999 _c35488
_d35488